01099cam a22002651 4500001001300000003000400013005001700017007001500034008004100049010001700090035001900107040002400126042001200150043001200162050001700174110005100191245023000242260006200472300004600534530006900580651004300649651004700692700004300739856005100782rc 01001294 DLC20260227111903.0cr_|||||||||||810206s1898 tnuab 000 0 eng  arc 01001294  a(OCoLC)7110225 aDLCcTMdOCoLCdDLC apremarc an-us-tn00aF442.2b.N252 aNashville, Chattanooga, and St. Louis Railway.10aInformation for immigrants concerning middle Tennessee and the counties in that division traversed by or tributary to the Nashville, Chattanooga & St. Louis Ry. ...cBy J.B. Killebrew ... Isued by the Passenger Department ... aNashville, Tenn.,bMarshall & Bruce Co., printers,c1898. a148 p.billus. (incl. double map)c19 cm. aAlso available in digital form on the Internet Archive Web site. 0aTennesseexEmigration and immigration. 0aTennessee, MiddlexDescription and travel.1 aKillebrew, Joseph Buckner,d1831-1906.41uhttp://hdl.loc.gov/loc.gdc/scd0001.0001144992A